De la utilidad general de la gimnasia y acción que ejercen sobre el organismo humano sus diferentes ejercicios / por David Ferrer
Descripción Física:
63 p. ; 26 cm
MARC
| LEADER | 00000nam a2200000Ia 4500 | ||
|---|---|---|---|
| 001 | 11645 | ||
| 003 | BGR | ||
| 005 | 20260324180145.0 | ||
| 008 | 160829s1883 xx 000 0 cat d | ||
| 080 | |a 2364, exp. de l'Escuela Normal de Maestros | ||
| 100 | |a Ferrer, David |9 46614 | ||
| 245 | |a De la utilidad general de la gimnasia y acción que ejercen sobre el organismo humano sus diferentes ejercicios / por David Ferrer | ||
| 260 | |a Barcelona : |b (Est. tip. José Miret), |c 1883 | ||
| 300 | |a 63 p. ; |c 26 cm | ||
| 590 | |a Memoria premiada por el Ateneo Igualadino de la Clase Obrera en el certámen científico literario de 1881 | ||
| 650 | |a Gimnàstica |x Aspectes higiènics |9 48095 | ||
| 650 | |a Salut |9 48096 | ||
| 710 | 2 | |a Ateneu Igualadí de la Classe Obrera |9 70534 | |
| 901 | |a Arxiu | ||
| 942 | |n 1 |2 udc |c MON | ||
| 952 | |0 0 |1 0 |4 0 |6 2364_EXP_DE_LESCUELA_NORMAL_DE_MAESTROS |7 1 |9 54322 |a Arxiu |b Arxiu |d 2016-12-01 |l 0 |o 2364, exp. de l'Escuela Normal de Maestros |p 11645 |r 2016-12-01 00:00:00 |w 2016-12-01 |y ARXIU | ||
| 999 | |c 58191 |d 58191 | ||